Factores que inciden en la participación de los apoderados en los centros de padres de algunas escuelas de la provincia de Choapa, cuarta región

Guardat en:
Dades bibliogràfiques
Autor principal: Aranda Aranda, Raúl (Autor)
Format: Llibre
Idioma:espanyol
Publicat: Santiago C.P.E.I.P 1986
Col·lecció:Serie de estudios, 173
Matèries:
Etiquetes: Afegir etiqueta
Sense etiquetes, Sigues el primer a etiquetar aquest registre!

MARC

LEADER 00000nam a2200000 a 4500
001 UCW6311
003 CL-VaPUC
008 911120e19860000CL |||||||||||||||||spa|d
082 0 4 |a 370.1931  |b ARA  |2 21 
100 0 |a Aranda Aranda, Raúl  |e author  |9 311376 
245 1 0 |a Factores que inciden en la participación de los apoderados en los centros de padres de algunas escuelas de la provincia de Choapa, cuarta región 
300 |a 36 p 
942 |c BK 
945 |d 19911120 00:00:00 
260 |a Santiago  |b C.P.E.I.P  |c 1986 
650 0 |a Asociaciones de padres y profesores   |9 309457 
650 7 |a RELACIONES APODERADO-PROFESOR  |2 CL-VaPUC  |9 311377 
651 7 |a CHILE  |2 CL-VaPUC  |9 311378 
583 |a last modification  |c 19911120 00:00:00  |k Rodrigo Vera 
490 0 |a Serie de estudios, 173 
999 |c 219421  |d 219419 
952 |0 0  |1 0  |4 0  |6 370_193100000000000_ARA_1986  |7 0  |8 A  |9 210343  |a BIBEDU  |b BIBEDU  |d 2019-11-15  |i 2784238  |o 370.1931 ARA 1986  |p 2784238  |r 2019-11-15  |w 2019-11-15  |y BK  |k EDU 
952 |0 0  |1 0  |4 0  |6 370_193100000000000_ARA_1986  |7 0  |8 A  |9 210344  |a BIBEDU  |b BIBEDU  |d 2019-11-15  |i 2784246  |o 370.1931 ARA 1986  |p 2784246  |r 2019-11-15  |w 2019-11-15  |y BK  |k EDU